Verše pro Micku /

Main Author: Kulmowa, Joanna, 1928-2018
Other Authors: Grabiański, Janusz, 1929-1976
Language: Czech
Published: Warszawa : Biuro wydawniczo-propandowe, 1973
Physical Description: Nestr.
Book
Saved in:
LEADER 00670nam a22001932a 4500
001 000389876
003 CZ BrMZK
005 19980107143423.0
008 980107s1973 pl f cze d
040 |a BOA001  |b cze 
100 1 |a Kulmowa, Joanna,  |d 1928-2018  |7 xx0042734 
245 1 0 |a Verše pro Micku /  |c Joanna Kulmowa ; ilustroval Janusz Grabiański. 
260 |a Warszawa :  |b Biuro wydawniczo-propandowe,  |c 1973 
300 |a Nestr. 
700 1 |a Grabiański, Janusz,  |d 1929-1976  |7 xx0045038 
910 |a BOA001  |b PK-0069.930 
964 |a Kočky - básně pro děti 
990 |a BK 
996 7 |b 3119817898  |c PK-0069.930  |l MZK  |r Sklad / do 1 hodiny  |n 0  |w 000389876  |u 000010  |a 1  |e BOA001  |j MZK50  |s A